| 000 | 01590nam1a2200313 i 4500 | ||
|---|---|---|---|
| 001 | RU\NLR\bibl\292810 | ||
| 005 | 20260407145447.0 | ||
| 035 | _a(NLR Aleph) 000288167 | ||
| 090 |
_a1686983 _c1686983 |
||
| 100 | _a20020802g20019999u y0rusy50 ca | ||
| 101 | 0 | _arus | |
| 102 | _aRU | ||
| 105 | _a||||z ||||| | ||
| 200 | 1 |
_aТеория и практика литературоведческого анализа _eУчеб. пособие _eВ 2 ч. _fМ-во образования Рос. Федерации, Комсом.-на-Амуре гос. пед. ун-т _g[Сост.: Бузуев О.А. и др. _gПод ред. Бузуева О.А. и Романовой Г.Р.] |
|
| 210 |
_aКомсомольск-на-Амуре _cИзд-во КГПУ _d2001 |
||
| 215 | _d20 | ||
| 463 | 0 | _1001286937 | |
| 463 | 0 | _1001287575 | |
| 606 | 0 |
_aЛитературоведческое исследование _jРуководства, пособия и т.п. для высшей школы _9963608 _3RU\NLR\auth\6641343 |
|
| 606 | 0 |
_aЛитературоведческое исследование _jУчебные издания для высшей школы _9963608 _3RU\NLR\auth\6641343 |
|
| 686 | _aШ4с | ||
| 702 | 1 |
_aБузуев _bО. А. _4220 |
|
| 712 | 0 | 2 |
_4570 _aКомсомольский-на-Амуре государственный педагогический университет _9541504 _3RU\NLR\AUTH\8810021814 |
| 801 | 0 |
_aRU _bNLR _c20020802 _gPSBO |
|
| 801 | 1 |
_aRU _bNLR _c20020802 |
|
| 852 |
_aNLR _j2002-3/16851 |
||
| 942 | _cBOOK | ||